Statistics for Trivia quiz

Click here to take the quiz!

General Stats

  • This quiz has been taken 27 times
  • The average score is 42 of 63

Answer Stats

QuestionTileSelect% Correct
Click the top 5 most used social media platformsSkypeNo
100%
Click the top 5 most used social media platformsTwitchNo
100%
Click the top 5 most used social media platformsInstagramYes
95%
Click the top 5 most used social media platformsTikTokYes
95%
Click the top 5 most used social media platformsWeChatNo
95%
Click the 5 most selled fruitsNo
91%
click the 5 most populous sportsYes
91%
Click the 5 most popular sodasYes
91%
Click the countries that are located in OceaniaAustraliaYes
91%
Click the countries that are located in OceaniaCubaNo
91%
Click the top 5 most used social media platformsFacebookYes
91%
Click the countries that are located in OceaniaNew ZealandYes
91%
Click the 5 biggest USA statesRhode IslandNo
91%
Click the countries that are located in OceaniaSri LankaNo
91%
Click the 5 most selled fruitsYes
86%
click the 5 most populous sportsNo
86%
Click the 5 biggest USA statesAlaskaYes
86%
Click the countries that are located in OceaniaFijiYes
86%
Click the 5 biggest USA statesTexasYes
86%
Click the 5 most watched films everTitanicYes
86%
Click the countries that are located in OceaniaTrinidad and TobagoNo
86%
Click the 5 most selled fruitsYes
82%
Click the 5 most popular sodasYes
82%
Click the 5 most selled fruitsNo
82%
Click the countries that are located in OceaniaMaltaNo
82%
Click the countries that are located in OceaniaPalauYes
82%
Click the 5 most watched films everStar WarsYes
82%
Click the 5 most selled fruitsYes
77%
click the 5 most populous sportsYes
77%
Click the 5 most popular sodasNo
77%
Click the 5 biggest USA statesCaliforniaYes
77%
Click the countries that are located in OceaniaPapua new guineaYes
77%
Click the top 5 most used social media platformsYoutubeYes
77%
Click the 5 most popular sodasNo
73%
Click the 5 most popular sodasYes
73%
Click the 5 most watched films everBack to the FutureNo
73%
Click the 5 biggest USA statesMontanaYes
73%
Click the 5 most watched films everGreaseNo
68%
Click the 5 most watched films everJurassic ParkYes
68%
Click the 5 biggest USA statesMichiganNo
68%
Click the 5 biggest USA statesArkansasNo
64%
click the 5 most populous sportsYes
55%
Click the 5 most watched films everHome AloneNo
55%
Click the 5 most popular sodasNo
50%
Click the 5 most popular sodasYes
50%
Click the 5 most watched films everThe Lion KingYes
50%
Click the 5 most popular sodasNo
45%
Click the 5 most selled fruitsYes
45%
Click the 5 most selled fruitsYes
45%
Click the 5 biggest USA statesNevadaNo
45%
Click the 5 most selled fruitsNo
41%
Click the 5 most selled fruitsNo
41%
Click the 5 most popular sodasYes
36%
click the 5 most populous sportsNo
32%
Click the 5 biggest USA statesNew MexicoYes
32%
Click the top 5 most used social media platformsWhatsappYes
32%
click the 5 most populous sportsNo
27%
Click the 5 most watched films everAvatarNo
23%
Click the 5 most watched films everRaiders of the Lost ArkYes
23%
click the 5 most populous sportsYes
18%
Click the top 5 most used social media platformsTwitterNo
18%
click the 5 most populous sportsNo
9%
click the 5 most populous sportsYes
5%

Score Distribution

Percentile by Number Answered

Percent of People with Each Score

Your Score History

You have not taken this quiz